banner-ar

ليبيا اثناء العهد العثمانى الثانى / (Record no. 35821)

MARC details
000 -الفاتح
حقل البيانات ثابتة الطول 00870nam a2200241Ia 4500
008 - عناصر البيانات ثابتة الطول - معلومات عامة
حقل البيانات ثابتة الطول 140319s9999 xx 000 0 ara d
040 ## - مصدر الفهرسة
وكالة الفهرسة الأصلية GCL /
وكالة النسخ GCL
082 04 - رقم تصنيف ديوى العشرى
رقم التصنيف 961.2
رقم المادة ك ل
100 1# - المدخل الرئيسى - إسم شخصى
الإسم الشخصى خليفة محمد التليسى
245 10 - بيان العنوان
العنوان ليبيا اثناء العهد العثمانى الثانى /
بيان المسئوليه,etc خليفة محمد التليسى
700 1# - المدخل الاضافى - اسم شخصى
الإسم الشخصى كورو , فرانشكو
260 ## - PUBLICATION, DISTRIBUTION, ETC. (IMPRINT)
تاريخ النشر أو التوزيع 1984
300 ## - الوصف المادى
التعداد 160 ص
490 ## - بيان السلسلة
عنوان السلسلة
650 04 - المدخل الاضافى بالموضوع-مصطلح موضوعى
مصطلح موضوعي العصر الحديث
650 04 - المدخل الاضافى بالموضوع-مصطلح موضوعى
مصطلح موضوعي تاريخ
650 04 - المدخل الاضافى بالموضوع-مصطلح موضوعى
مصطلح موضوعي الاحوال الاجتماعية
650 04 - المدخل الاضافى بالموضوع-مصطلح موضوعى
مصطلح موضوعي ليبيا
650 04 - المدخل الاضافى بالموضوع-مصطلح موضوعى
مصطلح موضوعي الامبراطورية العثمانية (1551 - 1611)
650 04 - المدخل الاضافى بالموضوع-مصطلح موضوعى
مصطلح موضوعي العالم العربى - تاريخ - العصر العثمانى
942 ## - عناصر المدخل الإضافي( كوها)
مصدر التصنيف او مخطط الترفيف Dewey Decimal Classification
Koha [default] item type كتاب
260 ## - PUBLICATION, DISTRIBUTION, ETC. (IMPRINT)
-- [S.N] :
-- المنشأة العامة للنشر والتوزيع والاعلان ،
Holdings
حالة التراجع حالة الفقد حالة تلف ليس للاعارة المكان المؤقت الموقع الحالى تاريخ الاكتساب اجمالي اﻻعارات رقم الطلب الباركود تاريخ اخر مشاهدة تاريخ تفعيل السعر نوع وعاء كوها
        مكتبة القاهرة الكبرى مكتبة القاهرة الكبرى 03/26/2014   961.2\ك ل 87289 03/26/2014 03/26/2014 كتاب

Powered By

EGPV